Common mistakes at proficiency- and how to avoid them
Guardado en:
| Autor principal: | |
|---|---|
| Formato: | Libro |
| Lenguaje: | inglés |
| Publicado: |
Cambridge
Cambridge University Press
2005
|
| Edición: | 1st pub., |
| Colección: | Cambridge books for Cambridge exams
Cambridge learner corpus |
| Materias: | |
| Acceso en línea: | Ver en el OPAC |
| Etiquetas: |
Sin Etiquetas, Sea el primero en etiquetar este registro!
|
MARC
| LEADER | 00000nam a2200000 a 4500 | ||
|---|---|---|---|
| 005 | 20260127134158.0 | ||
| 008 | 181108s2005 xxka g p 000 0 eng c | ||
| 020 | |a 0521606837 (pbk.) | ||
| 020 | |a 9780521606837 (pbk.) | ||
| 035 | |a vtls011789638 | ||
| 039 | 9 | |a 201811081233 |b mschk03 |y 201811081204 |z mschk03 | |
| 040 | |a STUSCHK1 |b slo |c STUSCHK1 |e AACR2 | ||
| 041 | 0 | |a eng | |
| 044 | |a xxk |c GB | ||
| 072 | 7 | |a 811.111 |x Angličtina |2 konspekt | |
| 080 | |a 811.111 |2 2001 | ||
| 080 | |a 81`24 |2 2001 | ||
| 080 | |a (035) |2 2001 | ||
| 100 | 1 | |a Moore, Julie L., |d 1941- | |
| 245 | 1 | 0 | |a Common mistakes at proficiency- and how to avoid them |c Julie Moore |
| 250 | |a 1st pub., |b 3rd printing | ||
| 260 | |a Cambridge |b Cambridge University Press |c 2005 | ||
| 300 | |a 64 p. |b ill. |c 21 cm | ||
| 490 | 1 | |a Cambridge books for Cambridge exams | |
| 490 | 1 | |a Cambridge learner corpus | |
| 650 | 0 | 7 | |a angličtina |2 SNKPH |
| 650 | 0 | 7 | |a štúdium a výučba |2 SNKPH |
| 650 | 0 | 7 | |a cambridgeské skúšky |2 SNKPH |
| 650 | 0 | 7 | |a zahraniční študenti |2 SNKPH |
| 655 | 7 | |a príručky |2 SNKPH | |
| 830 | 1 | |a Cambridge books for Cambridge exams | |
| 830 | 1 | |a Cambridge learner corpus | |
| 910 | |a SCHK95 | ||
| 919 | |a 0-521-60683-7 | ||
| 919 | |a 978-0-521-60683-7 | ||
| 999 | |c 5970 |d 5970 | ||